000 00621nam a2200229 i 4500
001 C2-0022678
003 PPAK
005 20190630222000.0
008 970204s1990 nyua|||| ||||| | eng d
040 _aPPAK
_beng
_cPPAK
_erda
082 0 4 _a001.94
_223
090 0 0 _a001.94
_bBOO
_dR
245 0 4 _aThe book of great mysteries
250 _aWilson, Colin ; Evans, Christopher
264 1 _aNew York :
_bDorset Press ,
_c1990
300 _a487 pages :
_billustrations ;
_c22 cm
336 _2rdacontent
_atext
337 _2rdamedia
_aunmediated
338 _2rdacarrier
_avolume
650 1 0 _aMystery
942 _ddc
_cB
999 _c4663
_d4663